España, aqui y ahora

Saved in:
Bibliografiske detaljer
Hovedforfatter: García Fuentes, Antonio (Author)
Format: Bog
Sprog:spansk
Udgivet: Madrid Polifemo 1985
Udgivelse:2a. ed
Fag:
Tags: Tilføj Tag
Ingen Tags, Vær først til at tagge denne postø!

MARC

LEADER 00000nam a2200000 a 4500
001 UCW8023
003 CL-VaPUC
008 880322e19850000SP |||||||||||||||||spa|d
082 0 4 |a 864  |b GAR  |2 21 
100 |a García Fuentes, Antonio  |e author  |9 419681 
245 1 0 |a España, aqui y ahora 
250 |a 2a. ed 
300 |a 344 p 
942 |c BK 
945 |d 19880322 00:00:00 
260 |a Madrid  |b Polifemo  |c 1985 
650 0 |a Ensayos españoles  |9 313128 
651 0 |a España  |9 254926 
583 |a last modification  |c 20120606 10:41:32  |k Rodrigo Vera 
999 |c 220535  |d 220533 
952 |0 0  |1 0  |4 0  |6 864_000000000000000_GAR_1985  |7 0  |8 A  |9 212885  |a BIBEDU  |b BIBEDU  |d 2019-11-15  |i 281191K  |o 864 GAR 1985  |p 281191K  |r 2019-11-15  |w 2019-11-15  |y BK  |k LIT